|
|
|
|
| LEADER |
00000nab a2200000 ar4500 |
| 001 |
vtls008939661 |
| 003 |
SK-MaSNL |
| 005 |
20260303071318.0 |
| 008 |
070126c20070120xo wr|p|||||||000 b|slo |
| 015 |
|
|
|a SNBRBL2007/01
|2 snkbucl
|
| 038 |
|
|
|a SNKBUCL
|
| 040 |
|
|
|a SNKBUCL
|b slo
|c SNKBUCL
|e AACR2
|
| 041 |
0 |
|
|a slo
|
| 044 |
|
|
|a xo
|c SK
|
| 080 |
|
|
|a 796.322.093.1
|x (100)
|2 1997
|
| 245 |
0 |
0 |
|a Nemci potvrdili úlohu favorita
|b XX. MS hádzanárov
|
| 300 |
|
|
|b Fotogr.
|
| 611 |
2 |
7 |
|a Majstrovstvá sveta hádzanárov
|d (2007 :
|c Berlín, Nemecko)
|2 snkbucl
|9 1065010
|
| 650 |
0 |
7 |
|a hádzaná
|2 snkbucl
|9 3292
|
| 650 |
0 |
7 |
|a muži
|2 snkbucl
|9 4888
|
| 773 |
0 |
|
|t Šport
|g Roč. 61, č. 16 (20.1.2007), s. 38
|x 0139-7001
|
| 852 |
|
|
|a SNK
|b KIS3GCP
|
| 999 |
|
|
|c 1759310
|d 1761240
|